00684nam a2200181Ia 4500008004100000050001400041050001600055100002800071245015500099245009500254260003100349260001000380260001000390300001500400300002000415300001100435500005600446160628s9999 xx 000 0 und d aRM 323.4  b.Ab152 2016 aAblaza, Nikko-Anjelo I. aIn vivo utilization of abelmoschus esculentus (okra) flowers extract as an antihypercholesterolemic agent on institute of cancer research (icr) mice / cNikko-Anjelo I. Ablaza, Samantha Sachee S. Cruz, Jeruz Y. Doroteo, Rose Jeanne C. Reynoso. aLas Piñas, Philippines : bSISC, c2016. a86 pages : billustrations ; c28 cm. aIncludes bibliographical references and appendices.